[Event "Toronto int."]
[Site "Toronto CAN"]
[Date "2012.07.19"]
[Round "6"]
[White "Sambuev, Bator"]
[Black "So, Wesley"]
[Result "0-1"]
[WhiteElo "2542"]
[BlackElo "2668"]
[PlyCount "110"]
[GameId "2160767909442467"]
[EventDate "2012.07.15"]
[EventType "swiss"]
[EventRounds "7"]
[EventCountry "CAN"]
[SourceTitle "EXT 2022"]
[Source "ChessBase"]
[SourceDate "2021.10.06"]
[SourceVersion "1"]
[SourceVersionDate "2021.10.06"]
[SourceQuality "1"]

1. e4 c6 2. d3 d5 3. Nd2 e5 4. Ngf3 Bd6 5. g3 Nf6 6. Bg2 O-O 7. O-O Re8 8. c3 Nbd7 9. Qc2 a5 10. a4 b6 11. Rd1 Ba6 12. Nb3 Qc7 13. Nh4 Bf8 14. Nf5 g6 15. Nh6+ Kg7 16. h3 dxe4 17. dxe4 Bc4 18. Nd2 Be6 19. Nf1 Nc5 20. c4 b5 21. Ne3 bxa4 22. Neg4 Nxg4 23. Nxg4 Bxg4 24. hxg4 Qb7 25. Be3 Rab8 26. Ra2 Qb3 27. Qxb3 Rxb3 28. Rd2 Rb4 29. Rc2 Nb3 30. Bf3 Bc5 31. Bxc5 Nxc5 32. Be2 Rd8 33. f3 Nb3 34. Kf2 Rd2 35. Rxd2 Nxd2 36. Bd1 Nxc4 37. Bxa4 Rxb2+ 38. Rxb2 Nxb2 39. Bxc6 g5 40. Ke2 Nc4 41. Kd3 Nb6 42. Kc3 Kf8 43. Bb5 Ke7 44. Bc6 h6 45. Bb5 Ke6 46. Be8 Nd7 47. Kc4 Ke7 48. Bxd7 Kxd7 49. Kb5 Kd6 50. Kxa5 Kc5 51. Ka6 Kd4 52. Kb6 Ke3 53. Kc5 Kxf3 54. Kd5 f6 55. Ke6 Kxe4 0-1

[Event "Toronto int."]
[Site "Toronto CAN"]
[Date "2012.07.19"]
[Round "6"]
[White "Samsonkin, Artiom"]
[Black "Calugar, Arthur"]
[Result "1/2-1/2"]
[WhiteElo "2390"]
[BlackElo "2404"]
[PlyCount "47"]
[GameId "2160767909442468"]
[EventDate "2012.07.15"]
[EventType "swiss"]
[EventRounds "7"]
[EventCountry "CAN"]
[SourceTitle "EXT 2022"]
[Source "ChessBase"]
[SourceDate "2021.10.06"]
[SourceVersion "1"]
[SourceVersionDate "2021.10.06"]
[SourceQuality "1"]

1. e4 c5 2. Nf3 e6 3. Nc3 a6 4. d4 cxd4 5. Nxd4 Qc7 6. Bd3 Nc6 7. Nxc6 dxc6 8. a4 Rb8 9. O-O b5 10. axb5 axb5 11. f4 Nf6 12. e5 b4 13. exf6 bxc3 14. fxg7 Bxg7 15. b3 Bd4+ 16. Kh1 c5 17. Qe2 Bb7 18. Be4 Bxe4 19. Qxe4 Qb7 20. Qe2 Qb5 21. Qf3 Qb7 22. Qe2 Qb5 23. Qf3 Qb7 24. Qe2 1/2-1/2

[Event "Toronto int."]
[Site "Toronto CAN"]
[Date "2012.07.19"]
[Round "6"]
[White "Song, Michael"]
[Black "Rozentalis, Eduardas"]
[Result "0-1"]
[WhiteElo "2319"]
[BlackElo "2600"]
[PlyCount "92"]
[GameId "2160767909442469"]
[EventDate "2012.07.15"]
[EventType "swiss"]
[EventRounds "7"]
[EventCountry "CAN"]
[SourceTitle "EXT 2022"]
[Source "ChessBase"]
[SourceDate "2021.10.06"]
[SourceVersion "1"]
[SourceVersionDate "2021.10.06"]
[SourceQuality "1"]

1. d4 Nf6 2. c4 e6 3. g3 d5 4. Bg2 dxc4 5. Nf3 Bd7 6. Ne5 Bc6 7. Nxc6 Nxc6 8. Qa4 Qd7 9. Qxc4 Nxd4 10. O-O b5 11. Qd3 Rd8 12. Be3 Bc5 13. Nc3 a6 14. Rad1 O-O 15. Bg5 Be7 16. Qe3 c5 17. Bxf6 Bxf6 18. Ne4 Be7 19. b4 cxb4 20. Rd2 f5 21. Rfd1 e5 22. Ng5 Bxg5 23. Qxg5 Nxe2+ 24. Kh1 Nd4 25. f4 Qc7 26. fxe5 Ne6 27. Qe3 Rxd2 28. Qxd2 Rd8 29. Bd5 Kf8 30. Qxb4+ Qc5 31. Qxc5+ Nxc5 32. Kg2 Na4 33. Bb3 Rxd1 34. Bxd1 Nc3 35. Bb3 a5 36. Kf3 a4 37. Be6 b4 38. Ke3 Ke7 39. Bg8 b3 40. axb3 a3 41. b4 a2 42. Bxa2 Nxa2 43. Kf4 Ke6 44. b5 Nc3 45. g4 fxg4 46. b6 Nd5+ 0-1

[Event "Toronto int."]
[Site "Toronto CAN"]
[Date "2012.07.19"]
[Round "6"]
[White "Southam, David"]
[Black "Peng, Jackie"]
[Result "0-1"]
[WhiteElo "2220"]
[BlackElo "2172"]
[PlyCount "46"]
[GameId "2160767909442470"]
[EventDate "2012.07.15"]
[EventType "swiss"]
[EventRounds "7"]
[EventCountry "CAN"]
[SourceTitle "EXT 2022"]
[Source "ChessBase"]
[SourceDate "2021.10.06"]
[SourceVersion "1"]
[SourceVersionDate "2021.10.06"]
[SourceQuality "1"]

1. d4 Nf6 2. c4 g6 3. Nc3 Bg7 4. e4 d6 5. Nf3 O-O 6. Be2 e5 7. O-O Nc6 8. d5 Ne7 9. Nd2 Nd7 10. b4 f5 11. f3 f4 12. c5 dxc5 13. bxc5 Nxc5 14. Ba3 Nd7 15. Nb5 c6 16. dxc6 bxc6 17. Bc4+ Kh8 18. Nd6 Ba6 19. Qa4 Qb6+ 20. Kh1 Bxc4 21. N2xc4 Qc7 22. Na5 Nb6 23. Rac1 Nxa4 0-1

[Event "Toronto int."]
[Site "Toronto CAN"]
[Date "2012.07.19"]
[Round "6"]
[White "Ye, Stephen"]
[Black "Cohen, David"]
[Result "1-0"]
[WhiteElo "1909"]
[BlackElo "1904"]
[PlyCount "65"]
[GameId "2160767740551378"]
[EventDate "2012.07.15"]
[EventType "swiss"]
[EventRounds "7"]
[EventCountry "CAN"]
[TimeControl "5400+30"]

1. e4 e6 2. f4 d5 3. e5 c5 4. Nf3 Nc6 5. c3 Qb6 6. Na3 Bd7 7. Nc2 Nh6 8. d3 Nf5 9. Be2 h5 10. g3 Be7 11. O-O O-O-O 12. Rb1 f6 13. Be3 Nxe3 14. Nxe3 g5 15. exf6 Bxf6 16. fxg5 Be7 17. Qd2 Rdg8 18. h4 Qc7 19. Kh2 Bd6 20. Rg1 Ne7 21. b4 Nf5 22. Nxf5 exf5 23. bxc5 Bxc5 24. d4 Bd6 25. Ne5 Bxe5 26. dxe5 Qxe5 27. Bf3 Bc6 28. Rge1 Qd6 29. c4 Rd8 30. cxd5 Bxd5 31. Red1 f4 32. Qxd5 fxg3+ 33. Kg2 1-0

[Event "Toronto int."]
[Site "Toronto CAN"]
[Date "2012.07.20"]
[Round "7"]
[White "Calugar, Arthur"]
[Black "So, Wesley"]
[Result "1/2-1/2"]
[WhiteElo "2404"]
[BlackElo "2668"]
[PlyCount "52"]
[GameId "2160767909442471"]
[EventDate "2012.07.15"]
[EventType "swiss"]
[EventRounds "7"]
[EventCountry "CAN"]
[SourceTitle "EXT 2022"]
[Source "ChessBase"]
[SourceDate "2021.10.06"]
[SourceVersion "1"]
[SourceVersionDate "2021.10.06"]
[SourceQuality "1"]

1. e4 c5 2. Nf3 d6 3. d4 cxd4 4. Nxd4 Nf6 5. Nc3 a6 6. Be3 e5 7. Nb3 Be7 8. f3 Be6 9. Qd2 h5 10. Nd5 Nxd5 11. exd5 Bf5 12. Be2 Qc7 13. c4 a5 14. a4 Nd7 15. O-O Nc5 16. Nxc5 dxc5 17. Bd3 Bxd3 18. Qxd3 Bd6 19. f4 O-O 20. Qe4 f5 21. Qf3 exf4 22. Bxf4 Bxf4 23. Qxf4 Qxf4 24. Rxf4 Rae8 25. Raf1 g6 26. h4 Re2 1/2-1/2

[Event "Toronto int."]
[Site "Toronto CAN"]
[Date "2012.07.20"]
[Round "7"]
[White "Campbell, Brett"]
[Black "Ivanov, Mike"]
[Result "0-1"]
[WhiteElo "2251"]
[BlackElo "2257"]
[PlyCount "50"]
[GameId "2160767909442472"]
[EventDate "2012.07.15"]
[EventType "swiss"]
[EventRounds "7"]
[EventCountry "CAN"]
[SourceTitle "EXT 2022"]
[Source "ChessBase"]
[SourceDate "2021.10.06"]
[SourceVersion "1"]
[SourceVersionDate "2021.10.06"]
[SourceQuality "1"]

1. e4 e6 2. d3 d5 3. Nd2 Nf6 4. Ngf3 b6 5. c3 Bb7 6. e5 Nfd7 7. d4 c5 8. Bd3 Nc6 9. O-O g5 10. g4 h5 11. h3 hxg4 12. hxg4 Be7 13. Re1 Qc7 14. Nf1 Rg8 15. Bd2 O-O-O 16. Bb5 Rdf8 17. Ng3 f6 18. exf6 Bd6 19. Nh5 Nxf6 20. Nxf6 Rxf6 21. Nxg5 e5 22. dxe5 Nxe5 23. f4 Rxg5 24. fxe5 Bxe5 25. Ba6 Bd4+ 0-1

[Event "Toronto int."]
[Site "Toronto CAN"]
[Date "2012.07.20"]
[Round "7"]
[White "Cohen, David"]
[Black "Vasquez, Jose Luis"]
[Result "0-1"]
[WhiteElo "1904"]
[BlackElo "1927"]
[PlyCount "116"]
[GameId "2160767740551379"]
[EventDate "2012.07.15"]
[EventType "swiss"]
[EventRounds "7"]
[EventCountry "CAN"]
[TimeControl "5400+30"]

1. d4 g6 2. c4 Bg7 3. Nc3 Nf6 4. e4 d6 5. Nf3 O-O 6. Be2 c5 7. O-O cxd4 8. Nxd4 Nc6 9. Be3 Be6 10. Nxe6 fxe6 11. Qd2 Rc8 12. Rac1 Ne5 13. b3 b6 14. f3 Nc6 15. Rfd1 Nd7 16. Bh6 Bxh6 17. Qxh6 Rf6 18. f4 Qf8 19. Qh3 Rd8 20. Bg4 Qf7 21. g3 h5 22. Be2 Kg7 23. Rd2 e5 24. Nd5 exf4 25. gxf4 Rxf4 26. Nxf4 Qxf4 27. Rcd1 Qxe4 28. Qf3 Qxf3 29. Bxf3 Nce5 30. Bd5 Nf6 31. Rf1 Rc8 32. Be6 Rc5 33. Rg2 a5 34. h3 b5 35. cxb5 Rxb5 36. Rc1 Rb7 37. Rc8 Nd3 38. Rg3 Nf4 39. Bc4 d5 40. Bf1 e5 41. Kh2 a4 42. Rg5 e4 43. Kh1 axb3 44. axb3 e3 45. Re5 Ne4 46. Ree8 e2 47. Rg8+ Kf6 48. Rgf8+ Ke5 49. Bxe2 Nxe2 50. Rb8 Rc7 51. Rbc8 Rxc8 52. Rxc8 d4 53. Rd8 d3 54. Kg2 d2 55. Kf3 Nd4+ 56. Rxd4 Kxd4 57. Ke2 Kc3 58. Kd1 Kd3 0-1

[Event "Toronto int."]
[Site "Toronto CAN"]
[Date "2012.07.20"]
[Round "7"]
[White "Gerzhoy, Leonid"]
[Black "Samsonkin, Artiom"]
[Result "1/2-1/2"]
[WhiteElo "2459"]
[BlackElo "2390"]
[PlyCount "57"]
[GameId "2160767909442473"]
[EventDate "2012.07.15"]
[EventType "swiss"]
[EventRounds "7"]
[EventCountry "CAN"]
[SourceTitle "EXT 2022"]
[Source "ChessBase"]
[SourceDate "2021.10.06"]
[SourceVersion "1"]
[SourceVersionDate "2021.10.06"]
[SourceQuality "1"]

1. d4 Nf6 2. c4 g6 3. Nc3 Bg7 4. e4 d6 5. Nf3 O-O 6. Be2 e5 7. O-O exd4 8. Nxd4 Re8 9. f3 Nc6 10. Be3 Nh5 11. Qd2 Nxd4 12. Bxd4 Nf4 13. Rfd1 Bxd4+ 14. Qxd4 Nxe2+ 15. Nxe2 b6 16. Nc3 Bb7 17. Nd5 Bxd5 18. cxd5 Qh4 19. Rac1 Re7 20. Qf2 Qh5 21. Rc4 f5 22. exf5 Qxf5 23. Qc2 Qf7 24. Rc1 Qxd5 25. Rxc7 Rxc7 26. Qxc7 Qd4+ 27. Kf1 Qd3+ 28. Kg1 Qd4+ 29. Kf1 1/2-1/2

[Event "Toronto int."]
[Site "Toronto CAN"]
[Date "2012.07.20"]
[Round "7"]
[White "Martchenko, Alexander"]
[Black "Plotkin, Victor"]
[Result "1-0"]
[WhiteElo "2412"]
[BlackElo "2411"]
[PlyCount "85"]
[GameId "2160767909442474"]
[EventDate "2012.07.15"]
[EventType "swiss"]
[EventRounds "7"]
[EventCountry "CAN"]
[SourceTitle "EXT 2022"]
[Source "ChessBase"]
[SourceDate "2021.10.06"]
[SourceVersion "1"]
[SourceVersionDate "2021.10.06"]
[SourceQuality "1"]

1. e4 e5 2. f4 Nf6 3. fxe5 Nxe4 4. Nf3 Ng5 5. c3 d6 6. d4 Nxf3+ 7. Qxf3 Qh4+ 8. g3 Qg4 9. Qxg4 Bxg4 10. Bg2 Nc6 11. exd6 cxd6 12. O-O Be7 13. Nd2 O-O 14. Ne4 Rad8 15. Bg5 Rfe8 16. Rae1 h6 17. Bf4 Kf8 18. Nd2 g5 19. Be3 Kg7 20. h3 Bh5 21. g4 Bg6 22. Ne4 Bf8 23. Ng3 Ne7 24. d5 Nc8 25. Bd4+ Kg8 26. Be4 Bg7 27. Bxg7 Kxg7 28. Bxg6 fxg6 29. c4 Rxe1 30. Rxe1 Kf7 31. Rf1+ Ke7 32. Ne4 Rf8 33. Rxf8 Kxf8 34. Kf2 Ke7 35. Ke3 Nb6 36. Kd4 Nd7 37. c5 dxc5+ 38. Nxc5 Nf6 39. Ke5 b6 40. d6+ Kf7 41. d7 Nxg4+ 42. hxg4 Ke7 43. Ne6 1-0

[Event "Toronto int."]
[Site "Toronto CAN"]
[Date "2012.07.20"]
[Round "7"]
[White "Noritsyn, Nikolay"]
[Black "Sambuev, Bator"]
[Result "1-0"]
[WhiteElo "2460"]
[BlackElo "2542"]
[PlyCount "66"]
[GameId "2160767909442475"]
[EventDate "2012.07.15"]
[EventType "swiss"]
[EventRounds "7"]
[EventCountry "CAN"]
[SourceTitle "EXT 2022"]
[Source "ChessBase"]
[SourceDate "2021.10.06"]
[SourceVersion "1"]
[SourceVersionDate "2021.10.06"]
[SourceQuality "1"]

1. c4 c5 2. Nc3 Nc6 3. g3 g6 4. Bg2 Bg7 5. a3 a5 6. Nf3 e5 7. O-O Nge7 8. Ne1 O-O 9. Nc2 d6 10. d3 Be6 11. Ne3 Rb8 12. Rb1 Nd4 13. b4 axb4 14. axb4 cxb4 15. Rxb4 f5 16. Nc2 Ndc6 17. Rb3 f4 18. Ba3 Nf5 19. Qb1 Ncd4 20. Nxd4 exd4 21. Ne4 Rf7 22. Rb6 Be5 23. c5 Ra8 24. Bc1 Ba2 25. Qb5 dxc5 26. Qxc5 Bc7 27. Rxb7 Rc8 28. Qb5 h6 29. Qa6 Bd5 30. Qxg6+ Kh8 31. Rb5 Nh4 32. Qh5 Bxe4 33. Bxe4 Kg8 1-0

[Event "Toronto int."]
[Site "Toronto CAN"]
[Date "2012.07.20"]
[Round "7"]
[White "Peng, Jackie"]
[Black "Preotu, Razvan"]
[Result "1-0"]
[WhiteElo "2172"]
[BlackElo "2291"]
[PlyCount "85"]
[GameId "2160767909442476"]
[EventDate "2012.07.15"]
[EventType "swiss"]
[EventRounds "7"]
[EventCountry "CAN"]
[SourceTitle "EXT 2022"]
[Source "ChessBase"]
[SourceDate "2021.10.06"]
[SourceVersion "1"]
[SourceVersionDate "2021.10.06"]
[SourceQuality "1"]

1. e4 c5 2. Nf3 Nc6 3. d4 cxd4 4. Nxd4 Nf6 5. Nc3 e5 6. Ndb5 d6 7. Bg5 a6 8. Na3 b5 9. Nd5 Be7 10. Bxf6 Bxf6 11. c4 b4 12. Nc2 O-O 13. Be2 Bg5 14. O-O a5 15. Qd3 Be6 16. Rad1 Qb8 17. g3 Qa7 18. h4 Bd8 19. Kh2 Bb6 20. f4 Bxd5 21. cxd5 Nd4 22. fxe5 Nxe2 23. Qxe2 dxe5 24. Rd3 Rac8 25. Ne3 Bxe3 26. Rxe3 Qc5 27. Rd3 Qd6 28. Rd2 a4 29. Rc2 b3 30. axb3 axb3 31. Rc4 Qh6 32. Rxc8 Rxc8 33. Qf3 Rc2+ 34. Kh3 f6 35. Rd1 Rd2 36. d6 Kf8 37. Qxb3 f5 38. Qb8+ Kf7 39. Qb7+ Kg6 40. exf5+ Kxf5 41. Rf1+ Ke6 42. Rf8 Rxd6 43. Qf7# 1-0

[Event "Toronto int."]
[Site "Toronto CAN"]
[Date "2012.07.20"]
[Round "7"]
[White "Rozentalis, Eduardas"]
[Black "Birarov, Vladimir"]
[Result "1-0"]
[WhiteElo "2600"]
[BlackElo "2264"]
[PlyCount "73"]
[GameId "2160767909442477"]
[EventDate "2012.07.15"]
[EventType "swiss"]
[EventRounds "7"]
[EventCountry "CAN"]
[SourceTitle "EXT 2022"]
[Source "ChessBase"]
[SourceDate "2021.10.06"]
[SourceVersion "1"]
[SourceVersionDate "2021.10.06"]
[SourceQuality "1"]

1. e4 c5 2. Nf3 Nc6 3. Bb5 g6 4. O-O Bg7 5. Re1 Nf6 6. e5 Nd5 7. Nc3 Nc7 8. Bxc6 dxc6 9. Ne4 b6 10. Nf6+ Kf8 11. Ne4 h5 12. d3 h4 13. h3 Bf5 14. Bg5 Qd7 15. Qd2 Ne6 16. Be3 Rd8 17. Neg5 Rh5 18. b3 Qd5 19. Nxe6+ Bxe6 20. Qe2 Kg8 21. c4 Qd7 22. Bf4 Qb7 23. Rad1 Bc8 24. Qe3 f6 25. exf6 Bxf6 26. Be5 Bf5 27. Bxf6 exf6 28. d4 cxd4 29. Rxd4 Rf8 30. Rxh4 Rh7 31. Rxh7 Kxh7 32. Nd4 Bc8 33. Qe4 Rf7 34. Qh4+ Kg7 35. Re8 Rf8 36. Rxf8 Kxf8 37. Qxf6+ 1-0

[Event "Toronto int."]
[Site "Toronto CAN"]
[Date "2012.07.20"]
[Round "7"]
[White "Yee, Lorne"]
[Black "Southam, David"]
[Result "1-0"]
[WhiteElo "2282"]
[BlackElo "2220"]
[PlyCount "93"]
[GameId "2160767909442478"]
[EventDate "2012.07.15"]
[EventType "swiss"]
[EventRounds "7"]
[EventCountry "CAN"]
[SourceTitle "EXT 2022"]
[Source "ChessBase"]
[SourceDate "2021.10.06"]
[SourceVersion "1"]
[SourceVersionDate "2021.10.06"]
[SourceQuality "1"]

1. d4 g6 2. Nf3 Bg7 3. Bf4 d6 4. e3 Nd7 5. Be2 e5 6. Bg3 Ne7 7. dxe5 dxe5 8. e4 O-O 9. Nc3 Nc6 10. Bh4 Bf6 11. Bxf6 Nxf6 12. h3 Qxd1+ 13. Rxd1 a6 14. Bc4 Kg7 15. a3 h6 16. O-O Bd7 17. Rd2 Rae8 18. Bd5 Nd8 19. Rfd1 Bc8 20. Ba2 Be6 21. Bxe6 Nxe6 22. b4 Ng5 23. Nxg5 hxg5 24. f3 Re7 25. Kf2 Rfe8 26. Na4 b6 27. c4 Nh7 28. Nc3 Rc8 29. Rd8 Rxd8 30. Rxd8 Nf8 31. Nd5 Ne6 32. Ra8 Rd7 33. Rxa6 c6 34. Ne3 Rd2+ 35. Kf1 Ra2 36. Rxb6 Rxa3 37. Ng4 Ra2 38. Rxc6 Nf4 39. b5 Ra1+ 40. Kf2 Ra2+ 41. Ke1 Nd3+ 42. Kd1 f5 43. Rc7+ Kf8 44. Nf6 fxe4 45. Nxe4 Rb2 46. Nc5 Nxc5 47. Rxc5 1-0

[Event "Toronto int. U1900"]
[Site "Toronto CAN"]
[Date "2012.07.15"]
[Round "1"]
[White "Nickoloff, Steve"]
[Black "Armstrong, Robert J"]
[Result "1-0"]
[WhiteElo "1769"]
[BlackElo "1645"]
[PlyCount "69"]
[GameId "2160767909442479"]
[EventDate "2012.07.15"]
[EventType "swiss"]
[EventRounds "7"]
[EventCountry "CAN"]

1. e4 g6 2. d4 Bg7 3. Nf3 c5 4. c3 Qb6 5. dxc5 Qxc5 6. Be3 Qc7 7. Nbd2 Nc6 8. Be2 d6 9. O-O Nf6 10. Rc1 Ng4 11. Nd4 Nxe3 12. fxe3 Ne5 13. Qb3 e6 14. Nc4 Bd7 15. Nb5 Bxb5 16. Qxb5+ Ke7 17. Nxe5 Bxe5 18. Rcd1 h5 19. h3 g5 20. Rd2 Rag8 21. Bd1 Bg3 22. Rf3 Bh4 23. e5 d5 24. c4 g4 25. cxd5 Kf8 26. Qb4+ Kg7 27. d6 Qd8 28. hxg4 Be1 29. Qxb7 Qf8 30. Rc2 hxg4 31. Rf1 Bg3 32. Bxg4 Rh6 33. Rc7 Rgh8 34. Rfxf7+ Qxf7 35. Rxf7+ 1-0

[Event "Toronto int. U1900"]
[Site "Toronto CAN"]
[Date "2012.07.15"]
[Round "2"]
[White "Armstrong, Robert J"]
[Black "McNelly, Peter"]
[Result "1-0"]
[WhiteElo "1645"]
[BlackElo "1703"]
[PlyCount "71"]
[GameId "2160767909442480"]
[EventDate "2012.07.15"]
[EventType "swiss"]
[EventRounds "7"]
[EventCountry "CAN"]

1. g3 Nf6 2. Bg2 d5 3. c4 c6 4. Qb3 e6 5. d4 Be7 6. Nc3 Nbd7 7. Bf4 Nh5 8. Bd2 Qb6 9. c5 Qc7 10. Nh3 b6 11. Nf4 Nhf6 12. cxb6 Nxb6 13. Nd3 Rb8 14. Qc2 Nc4 15. Bf4 Bd6 16. Bxd6 Qxd6 17. Rc1 O-O 18. O-O e5 19. b3 exd4 20. bxc4 dxc3 21. Qxc3 d4 22. Qa5 Qe7 23. Rfe1 Rb6 24. c5 Ra6 25. Qd2 Ne4 26. Qb2 Nc3 27. Nb4 Ra4 28. Nxc6 Qxc5 29. Nxd4 Rc4 30. Nb3 Qe5 31. e3 Be6 32. Bf1 Rc7 33. Rc2 Qf6 34. Rec1 Rfc8 35. Nd4 Nd1 36. Rxc7 1-0

[Event "Toronto int. U1900"]
[Site "Toronto CAN"]
[Date "2012.07.16"]
[Round "3"]
[White "Coren, Daniel"]
[Black "Armstrong, Robert J"]
[Result "1-0"]
[WhiteElo "1821"]
[BlackElo "1645"]
[PlyCount "67"]
[GameId "2160767909442481"]
[EventDate "2012.07.15"]
[EventType "swiss"]
[EventRounds "7"]
[EventCountry "CAN"]

1. e4 g6 2. d4 Bg7 3. Nc3 c5 4. d5 Qb6 5. f4 d6 6. Nf3 Na6 7. Bb5+ Bd7 8. Bxd7+ Kxd7 9. O-O Bxc3 10. bxc3 c4+ 11. Kh1 Nf6 12. e5 Ne4 13. Qe1 Nac5 14. Be3 Rhg8 15. e6+ fxe6 16. dxe6+ Kc7 17. Qh4 Nf6 18. Bd4 Nd5 19. Qxh7 Qc6 20. Ng5 Rae8 21. Rf3 Kb8 22. Qh4 Nf6 23. Qf2 Rh8 24. Qe2 Rh5 25. Qxc4 Reh8 26. Bg1 d5 27. Qe2 Nce4 28. Qe3 b6 29. Qd4 Nxg5 30. fxg5 Qd6 31. h3 Qxe6 32. Bh2+ Ka8 33. gxf6 Qe2 34. fxe7 1-0

[Event "Toronto int. U1900"]
[Site "Toronto CAN"]
[Date "2012.07.17"]
[Round "4"]
[White "Wang, Eric"]
[Black "Armstrong, Robert J"]
[Result "1-0"]
[WhiteElo "1724"]
[BlackElo "1645"]
[PlyCount "51"]
[GameId "2160767909442482"]
[EventDate "2012.07.15"]
[EventType "swiss"]
[EventRounds "7"]
[EventCountry "CAN"]

1. d4 g6 2. c4 Bg7 3. Nc3 c5 4. Nf3 cxd4 5. Nxd4 Nc6 6. Nf3 d6 7. e4 Bg4 8. Be2 Bxc3+ 9. bxc3 Nf6 10. Nd4 Bxe2 11. Qxe2 O-O 12. O-O Rc8 13. Bh6 Re8 14. f4 Na5 15. e5 Nd7 16. e6 Nc5 17. exf7+ Kxf7 18. f5 Kg8 19. fxg6 e5 20. gxh7+ Kh8 21. Nf5 Rc7 22. Qh5 Ne6 23. Nxd6 Ree7 24. Nf7+ Rxf7 25. Rxf7 Rxf7 26. Qxf7 1-0

[Event "Toronto int. U1900"]
[Site "Toronto CAN"]
[Date "2012.07.19"]
[Round "6"]
[White "Armstrong, Robert J"]
[Black "Zhong, Joey"]
[Result "0-1"]
[WhiteElo "1645"]
[BlackElo "1847"]
[PlyCount "55"]
[GameId "2160767909442484"]
[EventDate "2012.07.15"]
[EventType "swiss"]
[EventRounds "7"]
[EventCountry "CAN"]

1. g3 d5 2. Bg2 e5 3. c4 c6 4. Qb3 dxc4 5. Qxc4 Be6 6. Qa4 Nf6 7. Nc3 Nbd7 8. d3 Bc5 9. Nh3 h6 10. Bd2 O-O 11. Qh4 Re8 12. O-O Nf8 13. Rac1 Bd4 14. Ne4 Nxe4 15. Qxe4 Bxa2 16. Bxh6 gxh6 17. Qg4+ Ng6 18. Qh5 Kg7 19. Be4 Bd5 20. g4 Bxe4 21. dxe4 Qh4 22. Kh1 Qxh5 23. gxh5 Nf4 24. Rg1+ Kh7 25. Nxf4 exf4 26. Rg4 Be5 27. Rc5 Rad8 28. b4 0-1

[Event "Toronto int. U1900"]
[Site "Toronto CAN"]
[Date "2012.07.20"]
[Round "7"]
[White "Juvenville, Mark"]
[Black "Armstrong, Robert J"]
[Result "1/2-1/2"]
[WhiteElo "1686"]
[BlackElo "1645"]
[PlyCount "79"]
[GameId "2160767909442485"]
[EventDate "2012.07.15"]
[EventType "swiss"]
[EventRounds "7"]
[EventCountry "CAN"]

1. d4 g6 2. Bf4 Bg7 3. e3 c5 4. c3 Qa5 5. Nd2 cxd4 6. exd4 d5 7. Ngf3 Nc6 8. Bd3 Bg4 9. Qb3 Bc8 10. O-O Nf6 11. h3 O-O 12. Qc2 Qd8 13. Rfe1 Bd7 14. Re3 Rc8 15. Rae1 Nb4 16. Qb1 Nxd3 17. Qxd3 e6 18. Ne5 Bc6 19. Bg5 Qc7 20. Rf3 Ne4 21. Nxc6 Nxg5 22. Rg3 Nxh3+ 23. Rxh3 bxc6 24. g4 c5 25. dxc5 Qxc5 26. Kg2 d4 27. Ne4 Qd5 28. g5 dxc3 29. Qxd5 exd5 30. Nxc3 Bxc3 31. bxc3 f5 32. Re7 Rf7 33. Rxf7 Kxf7 34. Rxh7+ Kg8 35. Rxa7 Rxc3 36. a4 d4 37. Kf1 d3 38. Rd7 Rc1+ 39. Kg2 Ra1 40. Rxd3 1/2-1/2

[Event "Toronto-ch Seniors"]
[Site "Toronto CAN"]
[Date "2012.11.12"]
[Round "2"]
[White "Pishdad, Hassan"]
[Black "Kaniak, Andrew"]
[Result "0-1"]
[WhiteElo "1238"]
[BlackElo "1730"]
[PlyCount "64"]
[GameId "2160767909411601"]
[EventDate "2012.11.05"]
[EventType "tourn"]
[EventRounds "9"]
[EventCountry "CAN"]

1. d4 d5 2. c4 c6 3. e3 Nf6 4. Nc3 e6 5. a3 Bd6 6. c5 Bc7 7. Nf3 Nbd7 8. Bd3 e5 9. e4 exd4 10. Nxd4 Nxc5 11. exd5 Nxd3+ 12. Qxd3 Nxd5 13. O-O O-O 14. Be3 Nxe3 15. fxe3 c5 16. Rad1 cxd4 17. Qxd4 Qxd4 18. exd4 Bg4 19. Rd3 Bb6 20. h3 Bh5 21. Kh1 Rad8 22. d5 Bg6 23. Rdd1 Bc2 24. Rd2 Bb3 25. Rf3 Rfe8 26. g3 Re3 27. Kg2 Kf8 28. Rxe3 Bxe3 29. Rd3 Bc1 30. d6 Bc2 31. Rd5 a6 32. Nd1 Be4+ 0-1

[Event "Toronto-ch Seniors"]
[Site "Toronto CAN"]
[Date "2012.12.01"]
[Round "3"]
[White "Pishdad, Hassan"]
[Black "Kornmann, Maxim"]
[Result "1-0"]
[WhiteElo "1238"]
[BlackElo "1686"]
[PlyCount "53"]
[GameId "2160767909411602"]
[EventDate "2012.11.05"]
[EventType "tourn"]
[EventRounds "9"]
[EventCountry "CAN"]

1. d4 d5 2. c4 e6 3. e3 Nf6 4. cxd5 exd5 5. Bd3 Be7 6. Ne2 O-O 7. Nbc3 Re8 8. O-O c6 9. h3 Bd6 10. Kh1 Be6 11. f4 g6 12. e4 dxe4 13. Nxe4 Nxe4 14. Bxe4 Bxh3 15. Bxc6 Bxg2+ 16. Bxg2 Qe7 17. Nc3 Nc6 18. Nd5 Qh4+ 19. Kg1 Rac8 20. b3 Nxd4 21. Be3 Nc2 22. Bf2 Qd8 23. Rc1 Bxf4 24. Nxf4 Ne3 25. Qxd8 Rcxd8 26. Bxe3 Rxe3 27. Bxb7 1-0

[Event "Toronto-ch Seniors"]
[Site "Toronto CAN"]
[Date "2012.11.06"]
[Round "4"]
[White "Frias, Evnato"]
[Black "Pishdad, Hassan"]
[Result "0-1"]
[WhiteElo "1363"]
[BlackElo "1259"]
[PlyCount "84"]
[GameId "2160767909411603"]
[EventDate "2012.11.05"]
[EventType "tourn"]
[EventRounds "9"]
[EventCountry "CAN"]

1. e4 c5 2. Nf3 e6 3. d4 cxd4 4. Nxd4 Nc6 5. Nxc6 bxc6 6. Nc3 Bb4 7. Bd2 d5 8. exd5 cxd5 9. a3 Ba5 10. b4 Bb6 11. Bb5+ Bd7 12. O-O Bxb5 13. Nxb5 Ne7 14. Bg5 f6 15. Be3 Bxe3 16. fxe3 Qb6 17. Nd4 e5 18. Nf5 Nxf5 19. Rxf5 Qxe3+ 20. Kh1 Qe4 21. Rf1 d4 22. Re1 Qc6 23. Qxd4 O-O 24. Qf2 Rfc8 25. Rac1 Qc3 26. Re3 Qb2 27. Ree1 Qxa3 28. b5 Qb2 29. Qe2 Qc3 30. Qe4 Rd8 31. Rcd1 Rac8 32. h3 h6 33. Rd5 Rxd5 34. Qxd5+ Kh8 35. Re2 Qc4 36. Qb7 Rc7 37. Qb8+ Kh7 38. Rd2 Qf1+ 39. Kh2 Qf4+ 40. Kh1 Rc3 41. Qd8 Qe4 42. Rd7 Rxh3+ 0-1

[Event "Toronto-ch Seniors"]
[Site "Toronto CAN"]
[Date "2012.12.04"]
[Round "5"]
[White "Pishdad, Hassan"]
[Black "Chernik, Dante"]
[Result "0-1"]
[WhiteElo "1238"]
[BlackElo "1929"]
[PlyCount "64"]
[GameId "2160767909411604"]
[EventDate "2012.11.05"]
[EventType "tourn"]
[EventRounds "9"]
[EventCountry "CAN"]

1. d4 Nf6 2. c4 g6 3. Nc3 d5 4. e3 Bg7 5. cxd5 Nxd5 6. Bc4 Nxc3 7. bxc3 c5 8. Bb2 cxd4 9. exd4 O-O 10. Ne2 Qc7 11. Qb3 Nc6 12. Qd1 Na5 13. Bb3 Nc4 14. Bxc4 Qxc4 15. O-O Bf5 16. Re1 Rfd8 17. Ng3 Be6 18. Qc1 Rac8 19. Ne4 b6 20. Ba3 Rd7 21. Bb2 Qd5 22. f3 Bxd4+ 23. Kh1 Bg7 24. Qe3 Rcd8 25. Qf2 h6 26. h3 Bf5 27. c4 Qxc4 28. Bxg7 Kxg7 29. Rec1 Qd4 30. Rd1 Qxf2 31. Rxd7 Qb2 32. Rad1 Rxd7 0-1